Statistics for NFL Players With The Most Single Season Points

Click here to take the quiz!

General Stats

  • This quiz has been taken 22 times
  • The average score is 2 of 12

Answer Stats

SeasonTotal PointsPlayer% Correct
2006186LaDainian Tomlinson
100%
2000160Marshall Faulk
37%
2003162Priest Holmes
37%
2005168Shaun Alexander
37%
1960176Paul Hornung
21%
2011166David Akers
0%
1998164Gary Anderson
0%
2017158Greg Zuerlein
0%
2003163Jeff Wilkins
0%
1983161Mark Moseley
0%
2016158Matt Bryant
0%
2013158Stephen Gostowski
0%

Score Distribution

Percentile by Number Answered

Percent of People with Each Score

Your Score History

You have not taken this quiz